«Обитель милосердия». Искусство тибетского буддизма (Запись № 10752406)

Подробности
000 -МАРКЕР
контрольное поле 02340nam0a2200373 4500
001 - ИДЕНТИФИКАТОР ЗАПИСИ
контрольное поле RU\NLR\BIBL_A\010940853
005 - ИДЕНТИФИКАТОР ВЕРСИИ
контрольное поле 20250624202834.0
010 ## - МЕЖДУНАРОДНЫЙ СТАНДАРТНЫЙ НОМЕР КНИГИ (ISBN)
Номер (ISBN) 978-5-93572-617-1
Тираж 1000
035 ## - ДРУГИЕ СИСТЕМНЫЕ НОМЕРА
Идентификатор записи (NLR Aleph) 010940853
100 ## - ДАННЫЕ ОБЩЕЙ ОБРАБОТКИ
Данные общей обработки 20151218d2015 |||y0rusy50 ca
101 0# - ЯЗЫК РЕСУРСА
Язык текста, звукозаписи и т.д. русский
Язык резюме английский
102 ## - СТРАНА ПУБЛИКАЦИИ ИЛИ ПРОИЗВОДСТВА
Страна публикации российская федерация
105 ## - ПОЛЕ КОДИРОВАННЫХ ДАННЫХ: ТЕКСТОВЫЕ МАТЕРИАЛЫ, МОНОГРАФИЧЕСКИЕ
Кодированные данные о монографическом текстовом документе ac z 001yy
200 1# - ЗАГЛАВИЕ И СВЕДЕНИЯ ОБ ОТВЕТСТВЕННОСТИ
Основное заглавие «Обитель милосердия». Искусство тибетского буддизма
Параллельное заглавие "Abode of charity". Tibetan buddhist art
Сведения, относящиеся к заглавию каталог выставки, [Санкт-Петербург, 9 октября 2015 года - 17 января 2016 года
Первые сведения об ответственности авт. вступ. ст. и каталож. описаний: Ю. И. Елихина, к. ист. н., К. Ф. Самосюк, д. иск.]
Язык параллельного заглавия английский
210 ## - ПУБЛИКАЦИЯ, РАСПРОСТРАНЕНИЕ И ДР.
Место издания, распространения и т.д. Санкт-Петербург
Имя издателя, распространителя и т. д. Изд-во Государственного Эрмитажа
Дата издания, распространения и т.д. 2015
215 ## - ФИЗИЧЕСКАЯ ХАРАКТЕРИСТИКА
Специфическое обозначение материала и объем 510, [1] с.
Другие сведения о физической характеристике ил., цв. ил., портр.
Размеры 28
225 1# - СЕРИЯ
Основное заглавие серии Эрмитаж, 250
300 ## - ОБЩИЕ ПРИМЕЧАНИЯ
Текст примечания В надзаг.: Гос. Эрмитаж
300 ## - ОБЩИЕ ПРИМЕЧАНИЯ
Текст примечания Рез. на англ. яз.
316 ## - ПРИМЕЧАНИЯ ОБ ОСОБЕННОСТЯХ ЭКЗЕМПЛЯРА
Текст примечания Экслибрис: Дар Эрмитажа
Организация и экземпляр, к которому относится поле NLR
510 1# - ПАРАЛЛЕЛЬНОЕ ЗАГЛАВИЕ
Параллельное заглавие "Abode of charity". Tibetan buddhist art
Язык заглавия английский
517 1# - ДРУГИЕ ВАРИАНТЫ ЗАГЛАВИЯ
Вариант заглавия Искусство тибетского буддизма
601 02 - НАИМЕНОВАНИЕ ОРГАНИЗАЦИИ КАК ПРЕДМЕТ
Начальный элемент ввода Государственный Эрмитаж
Идентифицирующий признак Санкт-Петербург, город
Формальный подзаголовок Каталоги
Тематический подзаголовок Коллекция изобразительного искусства
-- Выставки
Хронологический подзаголовок 2015 - 2016
Системный номер авторитетной/нормативной записи 2263886
Идентификатор авторитетной/нормативной записи RU\NLR\AUTH\6601586873
606 1# - НАИМЕНОВАНИЕ ТЕМЫ КАК ПРЕДМЕТ
Наименование темы Изобразительное искусство буддийское
Формальный подзаголовок Каталоги
Тематический подзаголовок Выставки
Географический подзаголовок Тибет
-- Санкт-Петербург, город
Хронологический подзаголовок 2015 - 2016
Системный номер авторитетной/нормативной записи 2263889
Идентификатор авторитетной/нормативной записи RU\NLR\AUTH\6601586874
686 1# - ИНДЕКСЫ ДРУГИХ КЛАССИФИКАЦИЙ
Индекс Щ101.3(2Р)-2Санкт-Петербург2Эрмитаж л62
686 1# - ИНДЕКСЫ ДРУГИХ КЛАССИФИКАЦИЙ
Индекс Щ103(5Кит=Т)л62
711 12 - НАИМЕНОВАНИЕ ОРГАНИЗАЦИИ - АЛЬТЕРНАТИВНАЯ ОТВЕТСТВЕННОСТЬ
Начальный элемент ввода "Обитель милосердия". Искусство тибетского буддизма", выставка
Место проведения временной организации Санкт-Петербург
Дата проведения временной организации 2015-2016
Системный номер авторитетной/нормативной записи 495042
Идентификатор авторитетной/нормативной записи RU\NLR\AUTH\880414962
942 ## - ДОПОЛНИТЕЛЬНЫЕ ЭЛЕМЕНТЫ ЗАПИСИ (АБИС)
Тип экземпляра АБИС Книга
980 ## - КОЛЛЕКЦИЯ
Название коллекции Национальная библиография

Нет доступных экземпляров.